Internet technologies and information services / (Record no. 9132)

000 -LEADER
fixed length control field 01836cam a2200385 i 4500
001 - CONTROL NUMBER
control field 18148693
005 - DATE AND TIME OF LATEST TRANSACTION
control field 20230211103057.0
008 - FIXED-LENGTH DATA ELEMENTS--GENERAL INFORMATION
fixed length control field 140512s2014 caua b 001 0 eng
010 ## - LIBRARY OF CONGRESS CONTROL NUMBER
LC control number 2014013761
020 ## - INTERNATIONAL STANDARD BOOK NUMBER
International Standard Book Number 9781610694735 (paperback : acidfree paper)
040 ## - CATALOGING SOURCE
Original cataloging agency DLC
Language of cataloging eng
Transcribing agency DLC
Description conventions rda
Modifying agency DLC
042 ## - AUTHENTICATION CODE
Authentication code pcc
050 00 - LIBRARY OF CONGRESS CALL NUMBER
Classification number Z674.75.I58
Item number M55 2014
082 00 - DEWEY DECIMAL CLASSIFICATION NUMBER
Classification number 020.2854678
Edition number 23
084 ## - OTHER CLASSIFICATION NUMBER
Classification number LAN025000
-- LAN020000
Number source bisacsh
100 1# - MAIN ENTRY--PERSONAL NAME
Personal name Miller, Joseph B.,
Dates associated with a name 1952-
9 (RLIN) 5510
245 10 - TITLE STATEMENT
Title Internet technologies and information services /
Statement of responsibility, etc. Joseph B. Miller.
250 ## - EDITION STATEMENT
Edition statement Second edition.
260 ## - PUBLICATION, DISTRIBUTION, ETC.
Place of publication, distribution, etc. Santa Barbara, California :
Name of publisher, distributor, etc. Libraries Unlimited, an Imprint of ABC-CLIO, LLC,
Date of publication, distribution, etc. [2014]
264 #1 - PRODUCTION, PUBLICATION, DISTRIBUTION, MANUFACTURE, AND COPYRIGHT NOTICE
Place of production, publication, distribution, manufacture Santa Barbara, California :
Name of producer, publisher, distributor, manufacturer Libraries Unlimited, an Imprint of ABC-CLIO, LLC,
Date of production, publication, distribution, manufacture, or copyright notice [2014]
300 ## - PHYSICAL DESCRIPTION
Extent xxii, 496 pages :
Other physical details illustrations ;
Dimensions 26 cm.
336 ## - CONTENT TYPE
Content type term text
Source rdacontent
337 ## - MEDIA TYPE
Media type term unmediated
Source rdamedia
338 ## - CARRIER TYPE
Carrier type term volume
Source rdacarrier
490 0# - SERIES STATEMENT
Series statement Library and information science text series
504 ## - BIBLIOGRAPHY, ETC. NOTE
Bibliography, etc. note Includes bibliographical references (pages 455-478) and index.
520 ## - SUMMARY, ETC.
Summary, etc. "The Internet has enabled the convergence of all things information-related. This book provides essential, foundational knowledge of the application of Internet and web technologies in the information and library professions"--
Assigning source Provided by publisher.
650 #0 - SUBJECT ADDED ENTRY--TOPICAL TERM
Topical term or geographic name entry element Libraries and the Internet.
9 (RLIN) 5511
Topical term or geographic name entry element Libraries
General subdivision Information technology.
9 (RLIN) 5512
Topical term or geographic name entry element LANGUAGE ARTS & DISCIPLINES / Library & Information Science / General.
Source of heading or term bisacsh
9 (RLIN) 5513
Topical term or geographic name entry element LANGUAGE ARTS & DISCIPLINES / Study & Teaching.
Source of heading or term bisacsh
9 (RLIN) 5514
906 ## - LOCAL DATA ELEMENT F, LDF (RLIN)
a 7
b cbc
c orignew
d 1
e ecip
f 20
g y-gencatlg
942 ## - ADDED ENTRY ELEMENTS (KOHA)
Source of classification or shelving scheme
Koha item type Books (Long term)
Holdings
Withdrawn status Lost status Source of classification or shelving scheme Damaged status Not for loan Collection code Permanent Location Current Location Shelving location Date acquired Total Checkouts Full call number Barcode Date last seen Price effective from Koha item type Accession Date last checked out
          English Collection Shan State Buddhist University Library Shan State Buddhist University Library English Shelves 10/12/2022   020.2854678 Mi 20464(1) EB00020464 10/12/2022 10/12/2022 Books (Long term) 20464(1)  
            Shan State Buddhist University Library Shan State Buddhist University Library English Shelves 10/12/2022 1 020.2854678 Mi 20465(2) EB00020465 07/08/2025 10/12/2022 Books (Long term) 20465(2) 07/07/2025
          Special Sources Shan State Buddhist University Library Shan State Buddhist University Library Special Sources Shelves 14/02/2023   020.2854678 Mi 17862(1) LIS EB00017862 14/02/2023 14/02/2023 Book (Short term) 17862(1)  
          Special Sources Shan State Buddhist University Library Shan State Buddhist University Library Special Sources Shelves 14/02/2023   020.2854678 Mi 17863(2) LIS EB00017863 14/02/2023 14/02/2023 Book (Short term) 17863(2)  

Library - 09407999929
Admin Office - 09407999979
Dean Office - 09250910768
Registrar Office - 09892297154
Email - [email protected]
Shan State Buddhist University, Phaya Phyu Taunggyi, Shan State, Myanmar.